100 most beautiful cathedrals of the world : a journey across five continents

Bibliographic Details
Format: Book
Published: The Netherlands : Rebo international , 2006
Subjects:

MARC

LEADER 00000cam a2200000 7i4500
001 0000117581
005 20080530.0
020 |a 9036615267 
090 0 0 |a 726.6   |b HUN 
245 0 0 |a 100 most beautiful cathedrals of the world :   |b a journey across five continents 
260 |a The Netherlands :   |b Rebo international ,   |c 2006 
300 |a 208p. :   |b col.,photos. ;   |c 35cm. 
650 0 0 |a Cathedrals 
650 0 0 |a Church history 
650 0 0 |a Religious architecture 
999 |a 00216473   |b BUKU   |c RUJUKAN   |e PERPUSTAKAAN KOMUNITI PETALING JAYA